000
00175 a2200097 4500
020
_a
0316780812
041
_a
eng
100
_a
Shreve, Anita
245
_a
Sea Glass
942
_c
BK
999
_c
6034
_d
6034